00405nam a2200145Ia 4500008004100000020001500041041000800056082001600064100002200080245007000102250000600172260004400178300001600222650002100238210716s2004 xx 000 0 und d a8178812762 aeng a338.04 MADR aMadapati, Ravi S. aEntrepreneurial finance: concepts and cases.bConcepts and cases. a1 aHyderabadbICFAI University Pressc2004 axii,203,A11 aEntrepreneurship